Một số nhận định về đầu tư trực tiếp nước ngoài vào vùng Đông Nam Bộ
Spremljeno u:
| Glavni autor: | |
|---|---|
| Format: | Knjiga |
| Jezik: | Undetermined |
| Teme: | |
| Online pristup: | http://lrc.tdmu.edu.vn/opac/search/detail.asp?aID=2&ID=35009 |
| Oznake: |
Dodaj oznaku
Bez oznaka, Budi prvi tko označuje ovaj zapis!
|
| Thư viện lưu trữ: | Trung tâm Học liệu Trường Đại học Thủ Dầu Một |
|---|
| LEADER | 00671nam a2200145Ia 4500 | ||
|---|---|---|---|
| 001 | TDMU_35009 | ||
| 008 | 210410s9999 xx 000 0 und d | ||
| 082 | |a 738.0959775 | ||
| 100 | |a Vũ, Thị Kim Vân | ||
| 245 | 0 | |a Một số nhận định về đầu tư trực tiếp nước ngoài vào vùng Đông Nam Bộ | |
| 245 | 0 | |c Vũ Thị Kim Vân | |
| 300 | |a Tr.14-18 | ||
| 650 | |a Kinh tế |x Đầu tư trực tiếp nước ngoài; Đông Nam Bộ; Phát triển kinh tế; FDI | ||
| 856 | |u http://lrc.tdmu.edu.vn/opac/search/detail.asp?aID=2&ID=35009 | ||
| 980 | |a Trung tâm Học liệu Trường Đại học Thủ Dầu Một | ||